000 00283nam a22001217a 4500
008 180829b xxu||||| |||| 00| 0 eng d
041 _aeng
080 _a004
100 _a28
101 _aSHKI
245 _aApplied and Computational Complex Analysis
_cHenrici, P
942 _2udc
_cBK
999 _c47397
_d47397